000 00428nam a2200181Ia 4500
001 19235
005 20260306171729.0
008 260306s9999||||xx |||||||||||||| ||und||
041 _aESP
082 _a658.81
_bJ67
100 _aJohnston, Mark W.
_eAUT
245 0 _aAdministración de ventas
260 _c2009
300 _axviii, 498 páginas :
_c27 cm.
650 _aGEN
654 _aCAN
942 _cLIB
_dJUS
_fJUS
_2ddc
_n
999 _c19235
_d19235